Language Quiz

Random Language or Spanish Quiz

Spanish-English Word Twins Quiz Stats

Quiz Updated Nov 2, 2012

Challenge
Share
Tweet
Embed
Score 0/24 Timer 03:00
1 Play Today
% Correct
taco
88.7%
color
81.9%
doctor
80.5%
animal
79.1%
hotel
79%
hospital
78.6%
radio
78.2%
piano
77.5%
patio
74%
regular
73.4%
banana
72.7%
director
72.3%
% Correct
idea
68.1%
golf
67.2%
terrible
66.8%
drama
66.1%
similar
64.7%
cereal
64.5%
horror
63.4%
error
57.9%
gas
55%
circular
54.8%
metal
53%
simple
48.7%

You're not logged in!

Compare scores with friends on all Sporcle quizzes.
Sign Up with Email
OR
Log In

You Might Also Like...

Show Comments

Extras

Top Quizzes Today


Score Distribution

Your Account Isn't Verified!

In order to create a playlist on Sporcle, you need to verify the email address you used during registration. Go to your Sporcle Settings to finish the process.

Report this User

Report this user for behavior that violates our Community Guidelines.

Details: